[Event "Chess.com Classic Div 3 W"]
[Site "chess.com INT"]
[Date "2024.05.12"]
[Round "4.4"]
[White "Grandelius, Nils"]
[Black "Nguyen, Ngoc Truong Son"]
[Result "1-0"]
[WhiteTitle "GM"]
[BlackTitle "GM"]
[WhiteElo "2664"]
[BlackElo "2633"]
[WhiteFideId "1710400"]
[BlackFideId "12401110"]
[EventDate "2024.05.10"]
[EventType "k.o."]

1. e4 c6 2. Nc3 d5 3. Nf3 Bg4 4. d4 e6 5. Be2 Nf6 6. e5 Nfd7 7. O-O Be7 8. Ne1
Bxe2 9. Nxe2 c5 10. c3 Nc6 11. Be3 O-O 12. Nd3 cxd4 13. cxd4 Rc8 14. Ng3 Re8 15.
Qg4 f5 16. exf6 Bxf6 17. Nh5 Nf8 18. Nc5 Rc7 19. Rac1 Ng6 20. Nxb7 Rxb7 21. Rxc6
Rxb2 22. Rxe6 Rb6 23. Nxf6+ gxf6 24. Rxe8+ Qxe8 25. h4 Qe6 26. Qg3 Kf7 27. Rc1
Rc6 28. Rb1 Rb6 29. Rxb6 axb6 30. h5 Ne7 31. Qf3 Nf5 32. g3 Nd6 33. Kg2 b5 34.
Qf4 Qe4+ 35. Qxe4 Nxe4 36. a3 Ke6 37. f3 Nd6 38. Bd2 Nf5 39. Bc3 Ne3+ 40. Kg1
Nc4 41. Bb4 Ne3 42. Kf2 Nf5 43. Bc5 Ng7 44. g4 Ne8 45. Ke3 Nc7 46. Kd3 Na6 47.
Kc3 Kf7 48. Bd6 Ke6 49. Bf4 Kf7 50. Kb3 Ke6 51. Bg3 Kd7 52. f4 f5 53. g5 Nc7 54.
g6 1-0

[Event "Chess.com Classic Div 3 W"]
[Site "chess.com INT"]
[Date "2024.05.13"]
[Round "5.1"]
[White "Andreikin, Dmitry"]
[Black "Grandelius, Nils"]
[Result "1-0"]
[WhiteTitle "GM"]
[BlackTitle "GM"]
[WhiteElo "2729"]
[BlackElo "2664"]
[WhiteFideId "4158814"]
[BlackFideId "1710400"]
[EventDate "2024.05.10"]
[EventType "k.o."]

1. d4 d5 2. Nf3 Nf6 3. e3 c6 4. Bd3 Bg4 5. Nbd2 e6 6. c4 Nbd7 7. O-O Bd6 8. b3
O-O 9. Bb2 Qe7 10. Qc2 e5 11. dxe5 Nxe5 12. Nxe5 Bxe5 13. Bxe5 Qxe5 14. h3 Bh5
15. cxd5 cxd5 16. Rac1 Rab8 17. Qc7 Qe6 18. Qf4 Rbd8 19. Rc7 Qb6 20. Rfc1 Qa5
21. Nf1 Qxa2 22. Rxb7 Bg6 23. Bxg6 hxg6 24. Qa4 Qe2 25. Rxa7 Ne4 26. Qa2 Qb5 27.
Ra5 Qb6 28. Ra6 Qb5 29. Ra5 Qb6 30. Ra4 Rb8 31. Rd4 Qxb3 32. Qxb3 Rxb3 33. Rxd5
Rb2 34. f3 Nf6 35. Rd2 Rxd2 36. Nxd2 Nd5 37. Nf1 Ra8 38. Rd1 Ra5 39. Rd2 g5 40.
Kf2 Kh7 41. Ng3 Kg6 42. Ne4 f5 43. Nd6 f4 44. e4 Ne3 45. g4 Ra1 46. Nf5 Nxf5 47.
gxf5+ Kf7 48. Rd7+ Kf6 49. Rd6+ Ke5 50. Rd5+ Kf6 51. Rd2 Ra3 52. Kg2 Ke5 53.
Rd5+ Kf6 54. Rd2 Ke5 55. Re2 Rb3 56. Kf2 Ra3 57. Rb2 Rc3 58. Ke2 Re3+ 59. Kf2
Ra3 60. Rb5+ Kf6 61. Rb6+ Ke5 62. Re6+ Kd4 63. Rd6+ Ke5 64. Rd7 Ra2+ 65. Kf1
Ra1+ 66. Ke2 Ra2+ 67. Rd2 Ra3 68. Rd5+ Kf6 69. Rd6+ Ke5 70. Rd2 Re3+ 71. Kf2 Ra3
72. Kg2 Rb3 73. Rf2 Kf6 74. h4 gxh4 75. Kh3 Kg5 76. Rg2+ Kh5 77. Rxg7 Rxf3+ 78.
Kh2 Ra3 79. f6 Ra2+ 80. Kg1 Ra1+ 81. Kg2 h3+ 82. Kxh3 Kh6 83. Kg4 f3 84. Kxf3
Rf1+ 85. Ke3 Rxf6 86. Rg1 Re6 87. Kd4 Rd6+ 88. Kc5 Rd8 89. e5 1-0

[Event "Chess.com Classic Div 3 W"]
[Site "chess.com INT"]
[Date "2024.05.13"]
[Round "5.2"]
[White "Grandelius, Nils"]
[Black "Andreikin, Dmitry"]
[Result "0-1"]
[WhiteTitle "GM"]
[BlackTitle "GM"]
[WhiteElo "2664"]
[BlackElo "2729"]
[WhiteFideId "1710400"]
[BlackFideId "4158814"]
[EventDate "2024.05.10"]
[EventType "k.o."]

1. e4 c5 2. Nf3 e6 3. c4 Nc6 4. d4 cxd4 5. Nxd4 Nf6 6. Nc3 Bb4 7. Nxc6 bxc6 8.
Bd3 e5 9. O-O O-O 10. h3 d6 11. Na4 Ba5 12. a3 c5 13. Rb1 Rb8 14. Bd2 Bxd2 15.
Qxd2 Bd7 16. Nc3 a5 17. Bc2 Rb6 18. b3 Qe7 19. a4 Ra6 20. Nb5 Nh5 21. Nc7 Nf4
22. Kh2 Bxh3 23. Nd5 Nxd5 24. exd5 Bc8 25. Rbe1 f5 26. f4 e4 27. Re3 Qf6 28. Qf2
Ra7 29. Rfe1 Re7 30. Kg1 Bd7 31. Qd2 Ra8 32. Qf2 Rf8 33. Qd2 Qb2 34. Rb1 Qd4 35.
Qe1 g5 36. Rd1 Qf6 37. fxg5 Qe5 38. Qxa5 Rg7 39. Qc3 Qf4 40. Rf1 Qxg5 41. Rf2
Rf6 42. Bxe4 Rh6 43. Bxf5 Bxf5 44. Re8+ Kf7 45. Qe1 Rf6 46. Re7+ Kg6 47. Rxg7+
Kxg7 48. Qe7+ Kg6 49. Qe8+ Kh6 50. Rf3 Bg6 51. Rh3+ Bh5 52. Qe7 Rf1+ 0-1

[Event "Chess.com Classic Div 3 W"]
[Site "chess.com INT"]
[Date "2024.05.13"]
[Round "5.3"]
[White "Andreikin, Dmitry"]
[Black "Grandelius, Nils"]
[Result "1/2-1/2"]
[WhiteTitle "GM"]
[BlackTitle "GM"]
[WhiteElo "2729"]
[BlackElo "2664"]
[WhiteFideId "4158814"]
[BlackFideId "1710400"]
[EventDate "2024.05.10"]
[EventType "k.o."]

1. d4 d5 2. c4 e6 3. Nf3 f6 4. Nc3 Bb4 5. cxd5 exd5 6. Qb3 Ba5 7. Bd2 Ne7 8. e4
Bxc3 9. Bxc3 O-O 10. Bd3 Nbc6 11. O-O Kh8 12. Rfe1 Bg4 13. Nd2 dxe4 14. Bxe4
Nxd4 15. Bxd4 Qxd4 16. Nf3 Bxf3 17. Bxf3 Ng6 18. Rad1 Qb6 19. Bxb7 Qxb3 20. axb3
Rab8 21. Be4 Rxb3 22. Bxg6 hxg6 23. Rd7 Rxb2 24. Rxc7 a5 25. h3 Ra2 26. Ree7 Rg8
27. Ra7 Kh7 28. g3 Kh6 29. h4 a4 30. Re4 a3 31. Re3 Ra1+ 32. Kg2 a2 33. Re2 Rc8
34. Rexa2 Rxa2 35. Rxa2 1/2-1/2

[Event "Chess.com Classic Div 3 W"]
[Site "chess.com INT"]
[Date "2024.05.14"]
[Round "6.1"]
[White "Andreikin, Dmitry"]
[Black "Grandelius, Nils"]
[Result "1/2-1/2"]
[WhiteTitle "GM"]
[BlackTitle "GM"]
[WhiteElo "2729"]
[BlackElo "2664"]
[WhiteFideId "4158814"]
[BlackFideId "1710400"]
[EventDate "2024.05.10"]
[EventType "k.o."]

1. Nf3 d5 2. g3 Nd7 3. d4 Nb6 4. Nc3 Bf5 5. Nh4 Bg4 6. Qd3 Nf6 7. h3 Bh5 8. e4
dxe4 9. Nxe4 Nxe4 10. Qxe4 Qd5 11. Qxd5 Nxd5 12. c3 e6 13. g4 Bg6 14. Nxg6 hxg6
15. Bg2 c6 16. Bd2 Bd6 17. Ke2 a5 18. Rad1 Nf4+ 19. Bxf4 Bxf4 20. Rd3 Ke7 21. c4
Rhd8 22. Rhd1 Rd7 23. d5 cxd5 24. cxd5 Rad8 25. dxe6 Rxd3 26. Rxd3 Rxd3 27. Kxd3
b6 28. exf7 Kxf7 29. Ke4 Bc1 30. b3 g5 31. Kd5 Ba3 32. Ke5 Bc5 33. Bd5+ Kg6 34.
f3 Be3 35. Ke6 Kh6 36. Kf7 Bf2 37. Be4 Bg3 38. Ke6 Be1 39. Bc6 Bf2 40. Be8 Be1
41. Kf5 Bg3 42. Bg6 Be1 43. Bf7 Bd2 44. Bg8 Be3 45. Be6 Bd2 46. Bf7 Be3 47. Bg6
Bd2 48. Be8 Bc1 49. Ke6 Be3 50. Bb5 Bd2 51. Bd3 Be3 52. Kd5 Bf2 53. Ke4 Bg3 54.
Bc4 Kg6 55. Kd5 Kf6 56. Bd3 Bf2 57. Be4 Be3 58. Bd3 Bd2 59. Be4 Be3 60. Bd3 Bd2
61. Be4 Be3 1/2-1/2

[Event "Chess.com Classic Div 3 W"]
[Site "chess.com INT"]
[Date "2024.05.14"]
[Round "6.2"]
[White "Grandelius, Nils"]
[Black "Andreikin, Dmitry"]
[Result "1/2-1/2"]
[WhiteTitle "GM"]
[BlackTitle "GM"]
[WhiteElo "2664"]
[BlackElo "2729"]
[WhiteFideId "1710400"]
[BlackFideId "4158814"]
[EventDate "2024.05.10"]
[EventType "k.o."]

1. e4 c5 2. Nf3 e6 3. d4 cxd4 4. Nxd4 a6 5. Nc3 Qc7 6. Bd3 Nf6 7. f4 Bb4 8. Bd2
d6 9. a3 Bxc3 10. Bxc3 e5 11. Ne2 O-O 12. h3 Nbd7 13. O-O Re8 14. Kh1 d5 15.
fxe5 Nxe5 16. exd5 Nxd5 17. Bxh7+ Kxh7 18. Qxd5 Be6 19. Qe4+ Ng6 20. Qf3 Bc4 21.
Rf2 Bxe2 22. Rxe2 Rxe2 23. Qxe2 Rd8 24. Rf1 Kg8 25. Qg4 Qc6 26. h4 Re8 27. h5
Re4 28. Qf5 Rh4+ 29. Kg1 Qb6+ 30. Rf2 Rf4 31. Qc8+ Nf8 32. Be1 Rxf2 33. Bxf2
Qxb2 34. Bc5 Qa1+ 35. Kf2 Qf6+ 36. Kg1 Qa1+ 37. Kf2 Qf6+ 38. Kg1 Qa1+ 1/2-1/2

[Event "Chess.com Classic Div 3 W"]
[Site "chess.com INT"]
[Date "2024.05.14"]
[Round "6.3"]
[White "Andreikin, Dmitry"]
[Black "Grandelius, Nils"]
[Result "1-0"]
[WhiteTitle "GM"]
[BlackTitle "GM"]
[WhiteElo "2729"]
[BlackElo "2664"]
[WhiteFideId "4158814"]
[BlackFideId "1710400"]
[EventDate "2024.05.10"]
[EventType "k.o."]

1. Nf3 d5 2. g3 Nd7 3. d4 Nb6 4. Nc3 Bf5 5. Nh4 Bg4 6. Qd3 Nf6 7. e4 dxe4 8.
Nxe4 Nxe4 9. Qxe4 Qd5 10. Qxg4 Qxh1 11. Nf3 f5 12. Qxf5 g6 13. Qe4 Bg7 14. Bf4
g5 15. O-O-O c6 16. Bxg5 Nd5 17. Bh3 1-0

[Event "Chess.com Classic Div 3 W"]
[Site "chess.com INT"]
[Date "2024.05.14"]
[Round "6.4"]
[White "Grandelius, Nils"]
[Black "Andreikin, Dmitry"]
[Result "1-0"]
[WhiteTitle "GM"]
[BlackTitle "GM"]
[WhiteElo "2664"]
[BlackElo "2729"]
[WhiteFideId "1710400"]
[BlackFideId "4158814"]
[EventDate "2024.05.10"]
[EventType "k.o."]

1. e4 e5 2. Nf3 Nc6 3. Bb5 Nf6 4. d3 d6 5. O-O g6 6. d4 Bd7 7. d5 Ne7 8. Bxd7+
Nxd7 9. c4 Bg7 10. Nc3 h6 11. Ne1 O-O 12. Be3 f5 13. f3 g5 14. Nd3 Nf6 15. c5
Qe8 16. cxd6 cxd6 17. Qb3 b6 18. Nxe5 fxe4 19. fxe4 Qh5 20. h3 Nxe4 21. Nc6 Ng3
22. Nxe7+ Kh8 23. Rxf8+ Rxf8 24. Qc2 Qe8 25. Bf2 Qxe7 26. Bxg3 Qe3+ 27. Bf2 Qf4
28. Re1 Be5 29. g3 Qf3 30. Ne4 Qf5 31. g4 Qf3 32. Qb3 Qf7 33. Qd3 Kg8 34. Bg3
Bxb2 35. Nxd6 Qf3 36. Qxf3 Rxf3 37. Nf5 h5 38. d6 h4 39. Be5 Ba3 40. Rd1 Bc5+
41. Bd4 1-0

[Event "Chess.com Classic Div 3 W"]
[Site "chess.com INT"]
[Date "2024.05.14"]
[Round "6.5"]
[White "Andreikin, Dmitry"]
[Black "Grandelius, Nils"]
[Result "1-0"]
[WhiteTitle "GM"]
[BlackTitle "GM"]
[WhiteElo "2729"]
[BlackElo "2664"]
[WhiteFideId "4158814"]
[BlackFideId "1710400"]
[EventDate "2024.05.10"]
[EventType "k.o."]

1. Nf3 d5 2. g3 Nd7 3. d4 Nb6 4. Nc3 Bf5 5. Nh4 Bg4 6. Qd3 e6 7. e4 Be7 8. exd5
exd5 9. Nf5 Bxf5 10. Qxf5 Bf6 11. Be3 Ne7 12. Qf3 Qd7 13. h4 a6 14. O-O-O Na4
15. Bh3 Qc6 16. Nxa4 Qxa4 17. Kb1 h5 18. Bg5 Bxg5 19. hxg5 Qc6 20. Rde1 Qd6 21.
Re5 Kf8 22. Be6 Ke8 23. Qxf7+ Kd8 24. Qxg7 Re8 25. Bf7 1-0